| 000 | 00673cam a22002413a 4500 | ||
|---|---|---|---|
| 001 | 1341 | ||
| 003 | PGUSA | ||
| 005 | 20140828083000.0 | ||
| 008 | 980601s1998||||xxu|||||s|||||000 | eng d | ||
| 040 |
_aPGUSA _beng |
||
| 042 | _adc | ||
| 050 | 4 | _aK | |
| 100 | 1 |
_aCardozo, Benjamin N. _q(Benjamin Nathan), _d1870-1938 |
|
| 245 | 1 | 4 |
_aThe Altruist in Politics _h[electronic resource] / _cBenjamin N. Cardozo |
| 260 |
_bProject Gutenberg, _c1998 |
||
| 506 | _aPublic domain in the USA. | ||
| 516 | _aElectronic text | ||
| 653 | _aJudicial process | ||
| 653 | _aLaw | ||
| 830 | 0 |
_aProject Gutenberg _v1341 |
|
| 856 | 4 | 0 | _uhttp://www.gutenberg.org/ebooks/1341 |
| 942 | _cEB | ||
| 999 |
_c230689 _d230689 |
||